The Tooth book. / (Record no. 103790)
[ view plain ]
| 000 -LEADER | |
|---|---|
| fixed length control field | 00630nam a2200193 a 4500 |
| 001 - CONTROL NUMBER | |
| control field | s |
| 005 - DATE AND TIME OF LATEST TRANSACTION | |
| control field | 20140412111308.0 |
| 008 - FIXED-LENGTH DATA ELEMENTS--GENERAL INFORMATION | |
| fixed length control field | 001207s19uu xx 00 eng d |
| 020 ## - INTERNATIONAL STANDARD BOOK NUMBER | |
| International Standard Book Number | 0-394-84825-X |
| 050 ## - LIBRARY OF CONGRESS CALL NUMBER | |
| Classification number | ER |
| Item number | To55 1981 |
| 100 ## - MAIN ENTRY--PERSONAL NAME | |
| Personal name | LeSieg, Theo. |
| 245 ## - TITLE STATEMENT | |
| Title | The Tooth book. / |
| Statement of responsibility, etc | by Theo. LeSeig; illustrated by Roy McKie. |
| 260 ## - PUBLICATION, DISTRIBUTION, ETC. (IMPRINT) | |
| Place of publication, distribution, etc | New York : |
| Name of publisher, distributor, etc | A Bright & Early Book, |
| Date of publication, distribution, etc | 1981. |
| 300 ## - PHYSICAL DESCRIPTION | |
| Extent | 1 v. (unp.) ; ill. |
| 520 ## - SUMMARY, ETC. | |
| Summary, etc | Rhyming text and illustrations briefly point out what animals have teeth, their uses, and how to care for them. |
| 650 ## - SUBJECT ADDED ENTRY--TOPICAL TERM | |
| Topical term or geographic name as entry element | Teeth -- Fiction |
| 650 ## - SUBJECT ADDED ENTRY--TOPICAL TERM | |
| Topical term or geographic name as entry element | Stories in rhyme |
| Withdrawn status | Lost status | Damaged status | Use restrictions | Home library | Current library | Shelving location | Date acquired | Source of acquisition | Total Checkouts | Full call number | Barcode | Date last seen | Price effective from | Koha item type |
|---|---|---|---|---|---|---|---|---|---|---|---|---|---|---|
| Elizalde Library | Elizalde Library | Easy Reading Section | 12/07/2000 | ER To55 1981 | E5887 | 04/12/2014 | 04/12/2014 | Books |